000 00586nam a2200229 i 4500
001 C2-0231112
003 PPAK
005 20180728084220.0
008 001112s1956 enk |||| ||||| | eng d
040 _aPPAK
_beng
_cPPAK
_erda
082 0 4 _a823
_223
090 0 0 _a823
_bWIL
_dKSI
100 1 _aWilkins, Vaughan,
_eauthor
245 1 0 _aAnd so-Victoria
264 1 _aLondon :
_bPan Books ,
_c1956
300 _a541 pages ;
_c17 cm
336 _2rdacontent
_atext
337 _2rdamedia
_aunmediated
338 _2rdacarrier
_avolume
650 1 0 _aEnglish fiction
942 _ddc
_cB
999 _c150589
_d150589